WWE - Razor Ramon / Scott Hall's PPV Opponents - Statistics

General Stats
  • This quiz has been taken 361 times
  • The average score is 32 of 43
Answer Stats
Year Event Match Type Opponent % Correct
1994 WrestleMania X Ladder Match Shawn Michaels
99%
1994 Survivor Series 5 vs. 5 Elimination Match Shawn Michaels
99%
1995 SummerSlam Ladder Match Shawn Michaels
99%
1995 Survivor Series 4 vs. 4 Elimination Match Shawn Michaels
99%
2002 WrestleMania X8 Stone Cold Steve Austin
97%
1993 Royal Rumble Bret Hart
96%
1993 King of the Ring Bret Hart
96%
1993 Survivor Series 4 vs. 4 Elimination Match Diesel
96%
1994 SummerSlam Diesel
96%
1994 Survivor Series 5 vs. 5 Elimination Match Diesel
96%
1994 King of the Ring KOTR Finals Owen Hart
95%
1994 Survivor Series 5 vs. 5 Elimination Match Owen Hart
95%
1992 Survivor Series Tag Team Match Randy Savage
85%
1995 In Your House 5: Season's Beatings Tag Team Match The 1-2-3 Kid
81%
1996 In Your House 6: Rage In The Cage Crybaby Match The 1-2-3 Kid
81%
1996 Royal Rumble Goldust
77%
1992 Survivor Series Tag Team Match Mr. Perfect
75%
1993 SummerSlam Ted DiBiase
73%
1995 Survivor Series 4 vs. 4 Elimination Match The British Bulldog
72%
1994 Survivor Series 5 vs. 5 Elimination Match Jeff Jarrett
69%
1995 Royal Rumble Jeff Jarrett
69%
1995 WrestleMania XI Jeff Jarrett
69%
1995 In Your House 2-on-1 Handicap Match Jeff Jarrett
69%
1995 In Your House 2: The Lumberjacks Tag Team Match King Mabel
68%
1995 Survivor Series 4 vs. 4 Elimination Match Sycho Sid
68%
1995 In Your House 5: Season's Beatings Tag Team Match Sycho Sid
68%
1993 Survivor Series 4 vs. 4 Elimination Match Irwin R. Schyster
64%
1994 Royal Rumble Irwin R. Schyster
64%
1994 King of the Ring KOTR Semi-Finals Irwin R. Schyster
64%
1995 In Your House 4: Great White North Tag Team Match Billy Gunn
61%
1995 In Your House 2: The Lumberjacks Tag Team Match Sir Mo
61%
1996 In Your House 7: Good Friends, Better Enemies Vader
61%
1995 In Your House 4: Great White North Tag Team Match Bart Gunn
60%
1993 WrestleMania IX Bob Backlund
60%
1994 Survivor Series 5 vs. 5 Elimination Match Jim Neidhart
60%
1994 King of the Ring KOTR Quarter-Finals Bam Bam Bigelow
59%
1995 Survivor Series 4 vs. 4 Elimination Match Ahmed Johnson
57%
1995 In Your House 3: Triple Header Dean Douglas
56%
1995 In Your House 4: Great White North Dean Douglas
56%
1995 In Your House 2-on-1 Handicap Match The Roadie
56%
1993 Survivor Series 4 vs. 4 Elimination Match Rick Martel
53%
2002 Backlash Bradshaw
49%
1993 Survivor Series 4 vs. 4 Elimination Match Adam Bomb
44%
No matching quizzes found
Score Distribution
Percent of People with Each Score
Percentile by Number Answered
Your Score History
You have not taken this quiz